| 000 | 01076nam a2200241Ia 4500 | ||
|---|---|---|---|
| 003 | OSt | ||
| 005 | 20201002120301.0 | ||
| 008 | 191128s1983 ck a gr 000 0 spa d | ||
| 040 |
_aCO-JMCR _cCO-JMCR |
||
| 041 | 0 | _aspa | |
| 082 | 0 | 4 |
_a928.61 / _bC113y _223 |
| 100 | 1 |
_aCaballero Calderón, Lucas, _eautor _911141 |
|
| 245 | 1 | 0 |
_aYo, Lucas / _cLucas Caballero Calderón ; Héctor Osuna, ilustrador |
| 250 | _aTercera edición | ||
| 260 |
_aBogotá : _bEditorial Pluma, _c1983 |
||
| 300 |
_a325 páginas : _bilustraciones a blanco y negro ; _c21 cm. |
||
| 505 | 0 | _aLucas, mi tocayo -- Epistolario de un joven pobre -- Joven Caballero, 10 en historia, 0 en imaginación -- Don alegrías, un verdadero clubman -- El siglo XIX y la pororoca -- No solo se pronuncian los discursos. ¡También los generales! | |
| 600 | 1 | 4 |
_aCaballero Calderón, Lucas, _d1914-1981 _xcrítica e interpretación _911142 |
| 650 | 1 | 4 |
_aPeriodistas _vbiografías _zColombia _911143 |
| 651 | 4 |
_aColombia _xpolítica y gobierno _98136 |
|
| 700 | 1 |
_aOsuna, Héctor, _eilustrador _911144 |
|
| 942 |
_2ddc _cBK |
||
| 999 |
_c6254 _d6254 |
||